| 000 | 00631nam a2200217 i 4500 | ||
|---|---|---|---|
| 001 | 150520 | ||
| 003 | ES-MaACL | ||
| 005 | 20230906203542.0 | ||
| 007 | t| | ||
| 008 | 071031s1982 sp a |||| | spa d | ||
| 100 | 1 |
_aValdés Domènech, Francisco. _9112521 |
|
| 245 | 1 | 0 |
_aAparatos topográficos / _cFrancisco Valdés Doménech. |
| 250 | _a1ª ed. | ||
| 260 |
_aBarcelona : _bCeac, _c1982. |
||
| 300 |
_a360 p. : _bil. ; _c24 cm. |
||
| 490 | 1 | _aBiblioteca Ceac del topógrafo | |
| 650 | 4 |
_aTopografía. _9136936 |
|
| 830 | 0 |
_aBiblioteca Ceac del topógrafo _9187603 |
|
| 852 |
_aES-MaACL _jL-2434 |
||
| 999 |
_c150520 _d150520 |
||